000 02603cam a2200337 i 4500
001 768714001
003 CO-MdFUSB
005 20220616152358.0
007 ta
008 140827t20152015mnu b 001 0 eng d
020 _a9781451465662
040 _aYDXCP
_beng
_cCO-MdFUSB
_dBTCTA
_dBDX
_dOCLCQ
_dCDX
_dUAB
_dTEU
_dDTM
_dNhCcYME
_erda
041 _aeng
082 _223
_a222.506
_bJ83
100 1 _aJoseph, Alison L.
_eautor
245 1 0 _aPortrait of the kings :
_bthe Davidic prototype in Deuteronomistic poetics /
_cAlison L. Joseph.
264 1 _aMinneapolis :
_bFortress Press,
_c[2015]
264 4 _c©2015.
300 _a272 páginas ;
_c24 cm.
336 _atexto
_btxt
_2rdacontent.
337 _asin mediación
_bn
_2rdamedia.
338 _avolumen
_bnc
_2rdacarrier.
504 _aIncluye referencias bibliográficas (páginas 239-255) e índices.
505 _aEl prototipo davídico en la poética historiográfica del deuteronomista -- La poética historiográfica del deuteronomista preexílico -- David "que guardó mis mandamientos..." -- Jeroboam "que hizo pecar a Israel" -- Josías : "nadie se levantó como él " -- Manasés "quien hizo más mal que todos... los que fueron antes de él" : un contraejemplo -- Conclusión : "habrá un rey sobre nosotros".
520 _a Gran parte de la erudición sobre el libro de Reyes se ha centrado en cuestiones de la historicidad de los eventos descritos. Alison L. Joseph dirige su atención a la caracterización literaria de los reyes de Israel. Al examinar las técnicas narrativas usadas en la Historia Deuteronomista para retratar a los reyes de Israel, José muestra que el Deuteronomista en los días de la Reforma Josiánica construyó a David como un modelo deadhesión al pacto, y Jeroboam, por el contrario, como el opuesto ideal de David. El redactor caracterizó además a otros reyes según uno u otro de estos dos modelos. La narrativa resultante funciona didácticamente, como si instruyera a los reyes y al pueblo de Judá sobre las consecuencias de la desobediencia. La atención a la caracterización a través del prototipo también le permite a Joseph identificar diferencias entre las redacciones pre-exílicas y exílicas en la Historia Deuteronomista, reforzando y también revisando la visión propuesta por Frank Moore Cross. El resultado es una comprensión más profunda de la cosmovisión y la teología de los historiadores deuteronomistas.
563 _aRústico
630 7 _aBiblia.
_pDeuteronomio
_xCrítica, interpretación, etc.
942 _cBK
945 _aJTF-925
999 _c67603
_d67603